LEADER 01315cam a22003134a 4500 001 000000142415 003 CaOOAMICUS 005 20150323112808.0 008 150323s1994 it 000 u ita r 020 $z8806132156* 040 $aPUL$bita 041 1 $aita$hger 100 1 $aPrinz, Friedrich,$d1928-$0(OLS)http://pul/name/771 240 10$aKlerus und Krieg im früheren Mittelalter.$lItaliano.$0(OLS)http://pul/title/180261 245 10$aClero e guerra nell'alto Medioevo /$cFriedrich Prinz. 260 $aTorino :$bEinaudi,$c©1994. 300 $aXIV, 288 p. ;$c18 cm 490 1 $aPiccola biblioteca Einaudi. Geografia. Storia ;$v601 504 $aBibliografia nelle note. 650 4$aClero.$0(OLS)http://pul/subject/5831 650 4$aGuerra$xStoria$yEvo antico.$0(OLS)http://pul/subject/29825 830 0$aPiccola biblioteca Einaudi.$pGeografia. Storia ;$v601.$0(OLS)http://pul/title/157332 850 $aPUL 852 $aPUL$W1$xDP1 Fondo Capitani$y116$m10 E 5.601$j164324$qFondi$B164492$CPULBib$Z2$F164492 $HCap1597 $82 941 1 $a1 996 $6020$z8806132156*$9(OLS)http://pul/number/157232 996 $6245$aClero e guerra nell'alto Medioevo$9(OLS)http://pul/title/180260 996 $6260$aTorino :$bEinaudi$9(OLS)http://pul/publisher/48130 LEADER 01380nam a2200325 a 4500 001 000000160479 003 CaOOAMICUS 005 20170503173133.0 008 170503s2017 it u000 u ita r 020 $a978-88-10-52154-0* 032 $aLibriCat 040 $aPUL$bita 082 04$a259 245 00$aChiesa tra le case : $bla parrocchia alla prova della grande cittą / $cAntonio Mastantuono ... [et al.] ; introduzione del vescovo Domenico Sigalini . 260 $aBologna :$bEDB,$c©2017. 300 $a72 p. ; $c19 cm. 490 1 $aCammini di chiesa 504 $aBibliografia in nota a pič pagina. 650 4$aParrocchie.$0(OLS)http://pul/subject/16866 700 1 $aMastantuono, Antonio.$0(OLS)http://pul/name/5882 700 1 $aSigalini, Domenico.$0(OLS)http://pul/name/34894 830 0$aCammini di chiesa (EDB).$0(OLS)http://pul/title/49363 850 $aPUL 852 $aPUL$W1$xSL Religione 3$y85$m259 MASAN 1$j184094$qDDC 21$B187303$CPULBib$Z2$F187303 $H129423 $81 941 1 $a9 996 $6020$a978-88-10-52154-0*$9(OLS)http://pul/number/162571 996 $6082$a259$9(OLS)http://pul/classification/1775 996 $6245$aChiesa tra le case : $bla parrocchia alla prova della grande cittą / $9(OLS)http://pul/title/200135 996 $6260$aBologna :$bEDB$9(OLS)http://pul/publisher/56073